Pop Music - Odd One Out - Statistics

General Stats
  • This quiz has been taken 1,208 times
  • The average score is 11 of 15
Answer Stats
Question Answer % Correct
Adele - Which one is NOT a song by Adele? Timeless
88%
Sabrina Carpenter - Which one is NOT a song by Sabrina Carpenter? Ain't Nobody
83%
Coldplay - Which one is NOT a song by Coldplay? Counting Stars
83%
Lady Gaga - Which one is NOT a song by Lady Gaga? Sweet but Psycho
83%
Taylor Swift - Which one is NOT a song by Taylor Swift? Dear Future Husband
82%
Rihanna - Which one is NOT a song by Rihanna? The Climb
82%
Ed Sheeran - Which one is NOT a song by Ed Sheeran? When I Was Your Man
82%
Beyoncé - Which one is NOT a song by Beyoncé? Closer
81%
Olivia Rodrigo - Which one is NOT a song by Olivia Rodrigo? we can't be friends
80%
Katy Perry - Which one is NOT a song by Katy Perry? Paint The Town Red
78%
Harry Styles - Which one is NOT a song by Harry Styles? PILLOWTALK
73%
Billie Eilish - Which one is NOT a song by Billie Eilish? Die Young
69%
Justin Bieber - Which one is NOT a song by Justin Bieber? Treat You Better
67%
Ariana Grande - Which one is NOT a song by Ariana Grande? 7 Years
57%
Dua Lipa - Which one is NOT a song by Dua Lipa? Prada
52%
No matching quizzes found
Score Distribution
Percent of People with Each Score
Percentile by Number Answered
Your Score History
You have not taken this quiz